000 00302nam a2200121Ia 4500
008 190216s9999||||xx |||||||||||||| ||und||
100 _aMcmordie W
245 0 _aEnglish Idioms And How To Use Them
260 _bOxford University Press
_c1971
300 _a349p
650 _aEnglish Story
942 _cBK
999 _c12362
_d12362